Logique - Mort Subite #11 - Statistiques

Statistiques générales
  • Ce quiz a été pris 128 fois
  • Le résultat moyen est 6 sur 23
Answers on the Grid
Answers color-coded by a green-red scale on the quiz's grid according to % correct below.
Un panda hurlant
Mercurochrome
Un sot dit: "homme à terre"
Saucisse
Tennessee
Fluorescent
Coucou Hibou
Métirame-zinc
Platine vinyle
Tu veux te battre Michel?
Période
C'est nickel Marcel
Manger
Bromance
JetPunk
Terre
Décryptons
Calembour
Bord
Plombier
Nez ondulé
La Grande Vadrouille
Politique
Je suis anti-moines
Faire à manger
Favoritisme
Novembre 11
La Méditerranée
Éteint
Clore
Titanesque
François Hollande
Google chrome
Purée de pois cassés
Aargh!!! On m'étrangle
C'est un art, Jean
Ornithorynque
Expliquer
Galette Bretonne
Le téléphone pleure
 
Statistiques - réponses
Réponse % Correct
Mercurochrome
60%
Un sot dit: "homme à terre"
38%
C'est nickel Marcel
30%
Fluorescent
30%
Métirame-zinc
30%
Clore
29%
Platine vinyle
29%
Bromance
28%
C'est un art, Jean
28%
Éteint
28%
Google chrome
28%
Titanesque
28%
Aargh!!! On m'étrangle
24%
Décryptons
22%
Plombier
22%
Tennessee
22%
Nez ondulé
20%
Novembre 11
19%
Période
19%
Bord
18%
Faire à manger
18%
Je suis anti-moines
18%
Ornithorynque
15%
Aucun quiz correspondant
Distribution des résultats
% des personnes avec chaque résultat
Percentile par nombre de réponses
Votre historique - résultats
Vous n’avez pas pris ce quiz